000 00696cab a2200229 4500
001 ABS42580
008 090401t1990 xxu||||| |||| 00| 0 eng d
035 _a(Sirsi) u37683
041 _aeng
100 _aMynors, C.
245 _aPlanning procedures and copyright
260 _c1990
350 _a0
490 _aJPL
_v1990 248-258(11)
520 _aAnalyses the effect of the Copyright, Designs and Patents Act 1988 on copyright law effecting plans used in evidence in planning applications and appeals.
650 _aDOE CIRCULAR 22 88
650 _aPLANNING APPEALS
650 _aSTATUTORY INQUIRIES
690 _aPLANNING LAW AND PRACTICE
942 _n0
948 _c04/03/1997
999 _c24286
_d24286